| 000 | 00631nam a2200205 i 4500 | ||
|---|---|---|---|
| 001 | 37329 | ||
| 003 | ES-MaACL | ||
| 005 | 20230906155541.0 | ||
| 007 | t| | ||
| 008 | 030220s1970 sp ||||1| spa d | ||
| 080 | _a355.40(430) | ||
| 100 | 1 |
_aBuchheti, Gert. _932301 |
|
| 245 | 1 | 3 |
_aEl servicio secreto alemán / _cGert Buchheit ; [versión de Carlos Unterlohner-Clavaguera]. |
| 250 | _a1ª ed. | ||
| 260 |
_aBarcelona : _bLuis de Caralt, _c1970. |
||
| 300 |
_a463 p. ; _c22 cm. |
||
| 650 | 4 |
_aServicios de inteligencia- _zAlemania. _9173482 |
|
| 700 | 1 |
_aUnterlohner Claveguera, Carlos. _9112025 |
|
| 852 |
_aES-MaACL _jC-38463 |
||
| 999 |
_c37329 _d37329 |
||